Enquête sur l'anticolonialisme (Record no. 94197)

MARC details
000 -LEADER
campo de control de longitud fija 01794nam a2200217 i 4500
001 - NÚMERO DE CONTROL
campo de control 94197
003 - IDENTIFICADOR DE NÚMERO DE CONTROL
campo de control ES-MaACL
005 - FECHA Y HORA DE LA ÚLTIMA TRANSACCIÓN
campo de control 20250718153524.0
007 - CAMPO FIJO DE DESCRIPCIÓN FÍSICA--INFORMACIÓN GENERAL
campo de control de longitud fija t|
008 - DATOS DE LONGITUD FIJA--INFORMACIÓN GENERAL
campo de control de longitud fija 050630s1957 po ||||1| fre d
245 00 - MENCIÓN DEL TÍTULO
Título Enquête sur l'anticolonialisme
Resto del título = Inquiry on anti-colonialism /
Mención de responsabilidad, etc. Ministério do ultramar, Junta de investiaçoes do Ultramar, Centro de Estudos politicos e sociais.
260 ## - PUBLICACIÓN, DISTRIBUCIÓN, ETC.
Lugar de publicación, distribución, etc. [Lisboa] :
Nombre del editor, distribuidor, etc. Junta de Investigações do Ultramar, Centro de Estudos Políticos e Sociais,
Fecha de publicación, distribución, etc. 1957 (
Fabricante Tip. Minerva)
300 ## - DESCRIPCIÓN FÍSICA
Extensión 394 p. ;
Dimensiones 27 cm.
490 1# - MENCIÓN DE SERIE
Mención de serie Estudos de ciências políticas e sociais ;
Designación de volumen o secuencia 2
505 8# - NOTA DE CONTENIDO CON FORMATO
Nota de contenido con formato Contiene: Introduction, by M. M. Sarmento Rodrigues.Le mouvement d'émancipation dans les colonies, par J. Roussier.Les causes des mouvements d'autonomie en Afrique du Nord, par R. Le Tourneau. Las dependencias españolas, por J. Cordero Torres.Developments towards self-government in dependent territories of the United States, by H. Wells.Anti-colonialism in the United States, by E. Mondlane.Self-government movements in Australia and New Zealand in the nineteenth century, C. H. Currey. The expansion of the Portuguese in the overseas in the light of modern anthropology, by J. Dias. Universal and regional organizations in Africa, by J. Moreira da Silva Cunha. The South Pacific and Australia, by A. P. Elkin.-L'évolution politique des anciens territoires coloniaux néerlandais, par Van Helsdingen.Causes of the movements for autonomy and the inependence of Brazil, by H. Vianna. Anti-colonialism in the UNO, by A. Moreira.
650 #7 - PUNTO DE ACCESO ADICIONAL DE MATERIA--TÉRMINO DE MATERIA
Término de materia o nombre geográfico como elemento de entrada Colonialismo
Fuente del encabezamiento o término embne
9 (RLIN) 11149
710 1# - ENTRADA AGREGADA--NOMBRE DE ENTIDAD CORPORATIVA
Nombre de entidad corporativa o nombre de jurisdicción como elemento de entrada Portugal.
Unidad subordinada Ministério do Ultramar.
9 (RLIN) 6245
830 0# - PUNTO DE ACCESO ADICIONAL DE SERIE-TÍTULO UNIFORME
Título uniforme Estudos de ciências políticas e sociais ;
Designación de volumen o secuencia 2
9 (RLIN) 232135
852 ## - LOCALIZACIÓN
Ubicación ES-MaACL
Número de control de estantería P-776-Bis
Holdings
Estatus retirado Estado de pérdida Estado de daño No para préstamo Biblioteca de origen Biblioteca actual Ubicación en estantería Fecha de adquisición Fuente de adquisición Total de préstamos Signatura topográfica completa Código de barras Visto por última vez Precio de reemplazo Tipo de ítem Koha
        Biblioteca del Ateneo de Madrid Biblioteca del Ateneo de Madrid Depósito 2 17/01/2008     P-776-Bis 1098383 23/02/2023 23/02/2023 Libro impreso